<?xml version="1.0" encoding="UTF-8"?>
<record
    xmlns:xsi="http://www.w3.org/2001/XMLSchema-instance"
    xsi:schemaLocation="http://www.loc.gov/MARC21/slim http://www.loc.gov/standards/marcxml/schema/MARC21slim.xsd"
    xmlns="http://www.loc.gov/MARC21/slim">

  <leader>02979njm a2200469Ia 4500</leader>
  <controlfield tag="001">24637</controlfield>
  <controlfield tag="003">IT-RoPAU</controlfield>
  <controlfield tag="005">20220918181122.0</controlfield>
  <controlfield tag="008">131025s9999    xx            000 0 und d</controlfield>
  <datafield tag="040" ind1=" " ind2=" ">
    <subfield code="a">IT-RoPAU</subfield>
  </datafield>
  <datafield tag="040" ind1=" " ind2=" ">
    <subfield code="c">IT-RoPAU</subfield>
  </datafield>
  <datafield tag="041" ind1=" " ind2=" ">
    <subfield code="a">ITALIANO</subfield>
  </datafield>
  <datafield tag="999" ind1=" " ind2=" ">
    <subfield code="c">99898</subfield>
    <subfield code="d">99898</subfield>
  </datafield>
  <datafield tag="999" ind1=" " ind2=" ">
    <subfield code="b">n.d.</subfield>
  </datafield>
  <datafield tag="100" ind1=" " ind2=" ">
    <subfield code="a">AA.VV.</subfield>
    <subfield code="9">794</subfield>
  </datafield>
  <datafield tag="100" ind1=" " ind2=" ">
    <subfield code="e">Autore musica</subfield>
    <subfield code="9">11178</subfield>
  </datafield>
  <datafield tag="100" ind1=" " ind2=" ">
    <subfield code="g">Codice autore musica SPICS: 12000</subfield>
    <subfield code="9">796</subfield>
  </datafield>
  <datafield tag="245" ind1=" " ind2=" ">
    <subfield code="a">Canzoni d'altri tempi-Terza raccolta</subfield>
  </datafield>
  <datafield tag="250" ind1=" " ind2=" ">
    <subfield code="a">1a ed.</subfield>
  </datafield>
  <datafield tag="260" ind1=" " ind2=" ">
    <subfield code="a">MILANO</subfield>
  </datafield>
  <datafield tag="260" ind1=" " ind2=" ">
    <subfield code="b">DURIUM RECORD</subfield>
    <subfield code="c">1973 [1a Ed.:1973]</subfield>
  </datafield>
  <datafield tag="300" ind1=" " ind2=" ">
    <subfield code="a">DISCO</subfield>
  </datafield>
  <datafield tag="300" ind1=" " ind2=" ">
    <subfield code="c">46 minuti (Testo:  pag.)</subfield>
  </datafield>
  <datafield tag="500" ind1=" " ind2=" ">
    <subfield code="a">Canzone italiana. Canzoni italiane d'altri tempi</subfield>
  </datafield>
  <datafield tag="505" ind1=" " ind2=" ">
    <subfield code="a">Ferriera (3:00) - Il tango delle capinere (4:00) - Parlami d'amore Mari&#xF9; (4:00) - Vipera (4:00) - Spazzacamino (4:00) - Stornelli dell'aviatore (4:00) - Scettico blues (4:00) - Tango del mare (4:00) - Miniera (4:00) - Fontane (4:00) - La canzone dell'amore  (4:00) - Signora illusione (4:00) - Balocchi e profumi (4:00) - Canti nuovi (4:00)</subfield>
  </datafield>
  <datafield tag="650" ind1=" " ind2=" ">
    <subfield code="a">CANZONE ITALIAN [DISCHI]</subfield>
    <subfield code="e">Codice MATERIA SPICS: 9950</subfield>
    <subfield code="9">11179</subfield>
  </datafield>
  <datafield tag="700" ind1=" " ind2=" ">
    <subfield code="a">Fierro Aurelio</subfield>
    <subfield code="g">Codice interprete SPICS: 9653</subfield>
    <subfield code="e">Interprete</subfield>
    <subfield code="9">11180</subfield>
  </datafield>
  <datafield tag="700" ind1=" " ind2=" ">
    <subfield code="a">Bixio Cesare Andrea</subfield>
    <subfield code="g">Codice autore musica SPICS: 13441</subfield>
    <subfield code="e">Autore musica</subfield>
    <subfield code="p">Ferriera - Il tango delle capinere - Parlami d'amore Mari&#xF9; - Miniera - La canzone dell'amore</subfield>
    <subfield code="9">11181</subfield>
  </datafield>
  <datafield tag="700" ind1=" " ind2=" ">
    <subfield code="a">Cherubini Bixio</subfield>
    <subfield code="g">Codice autore testo/musica SPICS: 13442</subfield>
    <subfield code="e">Autore testo/musica</subfield>
    <subfield code="p">Ferriera - Il tango delle capinere - Spazzacamino - Miniera - La canzone dell'amore - Signora illusione</subfield>
    <subfield code="9">11182</subfield>
  </datafield>
  <datafield tag="700" ind1=" " ind2=" ">
    <subfield code="a">Neri Ennio</subfield>
    <subfield code="g">Codice autore testo/musica SPICS: 13457</subfield>
    <subfield code="e">Autore testo/musica</subfield>
    <subfield code="p">Parlami d'amore Mari&#xF9;</subfield>
    <subfield code="9">11183</subfield>
  </datafield>
  <datafield tag="700" ind1=" " ind2=" ">
    <subfield code="a">Mario E.A. (Gaeta Giovanni)</subfield>
    <subfield code="g">Codice autore testo/musica SPICS: 13440</subfield>
    <subfield code="e">Autore testo/musica</subfield>
    <subfield code="p">Vipera - Balocchi e profumi</subfield>
    <subfield code="9">11184</subfield>
  </datafield>
  <datafield tag="700" ind1=" " ind2=" ">
    <subfield code="a">Rusconi Gerardo</subfield>
    <subfield code="g">Codice autore musica SPICS: 13276</subfield>
    <subfield code="e">Autore musica</subfield>
    <subfield code="p">Spazzacamino</subfield>
    <subfield code="9">11185</subfield>
  </datafield>
  <datafield tag="700" ind1=" " ind2=" ">
    <subfield code="a">Gill Armando (=Testa Michele)</subfield>
    <subfield code="g">Codice autore testo/musica SPICS: 13460</subfield>
    <subfield code="e">Autore testo/musica</subfield>
    <subfield code="p">Stornelli dell'aviatore - Canti nuovi</subfield>
    <subfield code="9">11186</subfield>
  </datafield>
  <datafield tag="700" ind1=" " ind2=" ">
    <subfield code="a">Rulli Dino</subfield>
    <subfield code="g">Codice autore musica SPICS: 13432</subfield>
    <subfield code="e">Autore musica</subfield>
    <subfield code="p">Scettico blues</subfield>
    <subfield code="9">11187</subfield>
  </datafield>
  <datafield tag="700" ind1=" " ind2=" ">
    <subfield code="a">De Filippis Tommaso</subfield>
    <subfield code="g">Codice autore testo/musica SPICS: 13433</subfield>
    <subfield code="e">Autore testo/musica</subfield>
    <subfield code="p">Scettico blues</subfield>
    <subfield code="9">11188</subfield>
  </datafield>
  <datafield tag="700" ind1=" " ind2=" ">
    <subfield code="a">Redi Gino</subfield>
    <subfield code="g">Codice autore musica SPICS: 13451</subfield>
    <subfield code="e">Autore musica</subfield>
    <subfield code="p">Tango del mare</subfield>
    <subfield code="9">11189</subfield>
  </datafield>
  <datafield tag="700" ind1=" " ind2=" ">
    <subfield code="a">Nisa (Salerno Nicola)</subfield>
    <subfield code="g">Codice autore testo/musica SPICS: 13452</subfield>
    <subfield code="e">Autore testo/musica</subfield>
    <subfield code="p">Tango del mare</subfield>
    <subfield code="9">11190</subfield>
  </datafield>
  <datafield tag="700" ind1=" " ind2=" ">
    <subfield code="a">Padilla Gonzales Ramon</subfield>
    <subfield code="g">Codice autore musica SPICS: 2986</subfield>
    <subfield code="e">Autore musica</subfield>
    <subfield code="p">Fontane</subfield>
    <subfield code="9">11191</subfield>
  </datafield>
  <datafield tag="700" ind1=" " ind2=" ">
    <subfield code="a">De Torres Ferrante Alvaro</subfield>
    <subfield code="g">Codice autore SPICS: 13636</subfield>
    <subfield code="e">Autore</subfield>
    <subfield code="p">Fontane</subfield>
    <subfield code="9">11192</subfield>
  </datafield>
  <datafield tag="700" ind1=" " ind2=" ">
    <subfield code="a">Simeoni Alberto</subfield>
    <subfield code="g">Codice autore testo/musica SPICS: 13563</subfield>
    <subfield code="e">Autore testo/musica</subfield>
    <subfield code="p">Fontane</subfield>
    <subfield code="9">11193</subfield>
  </datafield>
  <datafield tag="700" ind1=" " ind2=" ">
    <subfield code="a">Fragna Armando</subfield>
    <subfield code="g">Codice autore musica SPICS: 13570</subfield>
    <subfield code="e">Autore musica</subfield>
    <subfield code="p">Signora illusione</subfield>
    <subfield code="9">11194</subfield>
  </datafield>
  <datafield tag="942" ind1=" " ind2=" ">
    <subfield code="c">MD</subfield>
    <subfield code="2">ddc</subfield>
  </datafield>
  <datafield tag="952" ind1=" " ind2=" ">
    <subfield code="0">0</subfield>
    <subfield code="1">0</subfield>
    <subfield code="4">0</subfield>
    <subfield code="6">24637_000000000000000</subfield>
    <subfield code="7">1</subfield>
    <subfield code="a">SPICS</subfield>
    <subfield code="b">SPICS</subfield>
    <subfield code="d">2013-10-25</subfield>
    <subfield code="l">0</subfield>
    <subfield code="o">24637</subfield>
    <subfield code="r">2013-10-25 00:00:00</subfield>
    <subfield code="w">2013-10-25</subfield>
    <subfield code="y">MD</subfield>
    <subfield code="z">Progr. Ins.: 5332 / N.Vol.: 1 / Copie: 1 - Copia rara: n.d. / date import: 01.01.2014 - By Epidotti, Trombetti, Vaglietti</subfield>
  </datafield>
</record>
